<?xml version="1.0" encoding="UTF-8"?>
<record
    xmlns:xsi="http://www.w3.org/2001/XMLSchema-instance"
    xsi:schemaLocation="http://www.loc.gov/MARC21/slim http://www.loc.gov/standards/marcxml/schema/MARC21slim.xsd"
    xmlns="http://www.loc.gov/MARC21/slim">

  <leader>00632nam a2200229Ia 4500</leader>
  <controlfield tag="001">dia_2991</controlfield>
  <controlfield tag="003">CHAP</controlfield>
  <controlfield tag="005">20251023164548.0</controlfield>
  <controlfield tag="008">220117s1992    xx            000 0 und d</controlfield>
  <datafield tag="010" ind1=" " ind2=" ">
    <subfield code="a">173495</subfield>
  </datafield>
  <datafield tag="040" ind1=" " ind2=" ">
    <subfield code="c">CHAP</subfield>
  </datafield>
  <datafield tag="082" ind1=" " ind2=" ">
    <subfield code="a">664.92 S3</subfield>
  </datafield>
  <datafield tag="100" ind1=" " ind2=" ">
    <subfield code="a">Santos Moreno, Armando</subfield>
    <subfield code="9">102515</subfield>
  </datafield>
  <datafield tag="245" ind1=" " ind2=" ">
    <subfield code="a">Manual de Industrializaci&#xF3;n de Pecuarios  /</subfield>
    <subfield code="c"> por Armando Santos Moreno</subfield>
  </datafield>
  <datafield tag="260" ind1=" " ind2=" ">
    <subfield code="a">Chapingo, Mex.</subfield>
    <subfield code="c">1992</subfield>
  </datafield>
  <datafield tag="300" ind1=" " ind2=" ">
    <subfield code="a">184P.</subfield>
  </datafield>
  <datafield tag="650" ind1=" " ind2=" ">
    <subfield code="a">Industrias pecuarias</subfield>
    <subfield code="9">58022</subfield>
  </datafield>
  <datafield tag="901" ind1=" " ind2=" ">
    <subfield code="a">664.92 S3</subfield>
  </datafield>
  <datafield tag="902" ind1=" " ind2=" ">
    <subfield code="a">M</subfield>
  </datafield>
  <datafield tag="905" ind1=" " ind2=" ">
    <subfield code="a">0000001992                          MEXA   0000000000ESP00</subfield>
  </datafield>
  <datafield tag="942" ind1=" " ind2=" ">
    <subfield code="c">LIBRO</subfield>
    <subfield code="2">ddc</subfield>
  </datafield>
  <datafield tag="999" ind1=" " ind2=" ">
    <subfield code="c">173495</subfield>
    <subfield code="d">173495</subfield>
  </datafield>
  <datafield tag="952" ind1=" " ind2=" ">
    <subfield code="0">0</subfield>
    <subfield code="1">0</subfield>
    <subfield code="2">ddc</subfield>
    <subfield code="4">0</subfield>
    <subfield code="7">0</subfield>
    <subfield code="8">GRAL</subfield>
    <subfield code="a">IA_</subfield>
    <subfield code="b">IA_</subfield>
    <subfield code="c">1</subfield>
    <subfield code="d">2022-01-18</subfield>
    <subfield code="f">1</subfield>
    <subfield code="l">2</subfield>
    <subfield code="p">dia_4227</subfield>
    <subfield code="r">2025-09-05 10:09:25</subfield>
    <subfield code="s">2025-08-29</subfield>
    <subfield code="t">9</subfield>
    <subfield code="w">2022-01-18</subfield>
    <subfield code="y">LIBRO</subfield>
  </datafield>
  <datafield tag="952" ind1=" " ind2=" ">
    <subfield code="0">0</subfield>
    <subfield code="1">0</subfield>
    <subfield code="2">ddc</subfield>
    <subfield code="4">0</subfield>
    <subfield code="7">0</subfield>
    <subfield code="8">GRAL</subfield>
    <subfield code="a">IA_</subfield>
    <subfield code="b">IA_</subfield>
    <subfield code="c">1</subfield>
    <subfield code="d">2022-01-18</subfield>
    <subfield code="f">1</subfield>
    <subfield code="l">0</subfield>
    <subfield code="p">dia_4219</subfield>
    <subfield code="r">2022-01-18 00:00:00</subfield>
    <subfield code="t">1</subfield>
    <subfield code="w">2022-01-18</subfield>
    <subfield code="y">LIBRO</subfield>
  </datafield>
  <datafield tag="952" ind1=" " ind2=" ">
    <subfield code="0">0</subfield>
    <subfield code="1">0</subfield>
    <subfield code="2">ddc</subfield>
    <subfield code="4">0</subfield>
    <subfield code="7">0</subfield>
    <subfield code="8">GRAL</subfield>
    <subfield code="a">IA_</subfield>
    <subfield code="b">IA_</subfield>
    <subfield code="c">1</subfield>
    <subfield code="d">2022-01-18</subfield>
    <subfield code="f">1</subfield>
    <subfield code="l">0</subfield>
    <subfield code="p">dia_4220</subfield>
    <subfield code="r">2022-01-18 00:00:00</subfield>
    <subfield code="t">2</subfield>
    <subfield code="w">2022-01-18</subfield>
    <subfield code="y">LIBRO</subfield>
  </datafield>
  <datafield tag="952" ind1=" " ind2=" ">
    <subfield code="0">0</subfield>
    <subfield code="1">0</subfield>
    <subfield code="2">ddc</subfield>
    <subfield code="4">0</subfield>
    <subfield code="7">0</subfield>
    <subfield code="8">GRAL</subfield>
    <subfield code="a">IA_</subfield>
    <subfield code="b">IA_</subfield>
    <subfield code="c">1</subfield>
    <subfield code="d">2022-01-18</subfield>
    <subfield code="f">1</subfield>
    <subfield code="l">0</subfield>
    <subfield code="p">dia_4221</subfield>
    <subfield code="r">2022-01-18 00:00:00</subfield>
    <subfield code="t">3</subfield>
    <subfield code="w">2022-01-18</subfield>
    <subfield code="y">LIBRO</subfield>
  </datafield>
  <datafield tag="952" ind1=" " ind2=" ">
    <subfield code="0">0</subfield>
    <subfield code="1">0</subfield>
    <subfield code="2">ddc</subfield>
    <subfield code="4">0</subfield>
    <subfield code="7">0</subfield>
    <subfield code="8">GRAL</subfield>
    <subfield code="a">IA_</subfield>
    <subfield code="b">IA_</subfield>
    <subfield code="c">1</subfield>
    <subfield code="d">2022-01-18</subfield>
    <subfield code="f">1</subfield>
    <subfield code="l">0</subfield>
    <subfield code="p">dia_4222</subfield>
    <subfield code="r">2022-01-18 00:00:00</subfield>
    <subfield code="t">4</subfield>
    <subfield code="w">2022-01-18</subfield>
    <subfield code="y">LIBRO</subfield>
  </datafield>
  <datafield tag="952" ind1=" " ind2=" ">
    <subfield code="0">0</subfield>
    <subfield code="1">0</subfield>
    <subfield code="2">ddc</subfield>
    <subfield code="4">0</subfield>
    <subfield code="7">0</subfield>
    <subfield code="8">GRAL</subfield>
    <subfield code="a">IA_</subfield>
    <subfield code="b">IA_</subfield>
    <subfield code="c">1</subfield>
    <subfield code="d">2022-01-18</subfield>
    <subfield code="f">1</subfield>
    <subfield code="l">0</subfield>
    <subfield code="p">dia_4223</subfield>
    <subfield code="r">2022-01-18 00:00:00</subfield>
    <subfield code="t">5</subfield>
    <subfield code="w">2022-01-18</subfield>
    <subfield code="y">LIBRO</subfield>
  </datafield>
  <datafield tag="952" ind1=" " ind2=" ">
    <subfield code="0">0</subfield>
    <subfield code="1">0</subfield>
    <subfield code="2">ddc</subfield>
    <subfield code="4">0</subfield>
    <subfield code="7">0</subfield>
    <subfield code="8">GRAL</subfield>
    <subfield code="a">IA_</subfield>
    <subfield code="b">IA_</subfield>
    <subfield code="c">1</subfield>
    <subfield code="d">2022-01-18</subfield>
    <subfield code="f">1</subfield>
    <subfield code="l">0</subfield>
    <subfield code="p">dia_4224</subfield>
    <subfield code="r">2022-01-18 00:00:00</subfield>
    <subfield code="t">6</subfield>
    <subfield code="w">2022-01-18</subfield>
    <subfield code="y">LIBRO</subfield>
  </datafield>
  <datafield tag="952" ind1=" " ind2=" ">
    <subfield code="0">0</subfield>
    <subfield code="1">0</subfield>
    <subfield code="2">ddc</subfield>
    <subfield code="4">0</subfield>
    <subfield code="7">0</subfield>
    <subfield code="8">GRAL</subfield>
    <subfield code="a">IA_</subfield>
    <subfield code="b">IA_</subfield>
    <subfield code="c">1</subfield>
    <subfield code="d">2022-01-18</subfield>
    <subfield code="f">1</subfield>
    <subfield code="l">0</subfield>
    <subfield code="p">dia_4225</subfield>
    <subfield code="r">2022-01-18 00:00:00</subfield>
    <subfield code="t">7</subfield>
    <subfield code="w">2022-01-18</subfield>
    <subfield code="y">LIBRO</subfield>
  </datafield>
  <datafield tag="952" ind1=" " ind2=" ">
    <subfield code="0">0</subfield>
    <subfield code="1">0</subfield>
    <subfield code="2">ddc</subfield>
    <subfield code="4">0</subfield>
    <subfield code="7">0</subfield>
    <subfield code="8">GRAL</subfield>
    <subfield code="a">IA_</subfield>
    <subfield code="b">IA_</subfield>
    <subfield code="c">1</subfield>
    <subfield code="d">2022-01-18</subfield>
    <subfield code="f">1</subfield>
    <subfield code="l">1</subfield>
    <subfield code="p">dia_4226</subfield>
    <subfield code="r">2024-03-14 00:00:00</subfield>
    <subfield code="s">2024-03-14</subfield>
    <subfield code="t">8</subfield>
    <subfield code="w">2022-01-18</subfield>
    <subfield code="y">LIBRO</subfield>
  </datafield>
</record>
